• 首页
  • 本馆介绍
  • 公告通知
  • 最新文献
  • 馆藏检索
  • 电子资源
  • 读者导购
  • 参考咨询
  • 我的图书馆
  • 登录
  • 详细信息显示
  • 放入我的书架
  • 预约/预借图书
  • 作者相关作品
  • 分类相关作品
  • 丛书相关作品
  • 出版社相关作品

书目信息

  • 表格格式
  • 工作单格式
  • 卡片格式
题名:
历史的轨迹
    
 
作者: 叶学丽 主编 ;共青团中央青运史档案馆 编
分册:  
出版信息: 重庆   重庆出版社  2012.05
页数: 242页
开本: 24cm
丛书名:
单 册:
中图分类: D293
科图分类:
主题词: 历史
电子资源:
ISBN: 978-7-229-05026-9
000 01013nam0 2200277 450
001 005263577
005 20130628104836.34
010    @a978-7-229-05026-9@dCNY29.80
100    @a20120702d2012 em y0chiy50 ea
101 0  @achi
102    @aCN@b500000
105    @aac z 000yy
106    @ar
200 1  @a历史的轨迹@9li shi de gui ji@e中国共产主义青年团90年@f叶学丽本书主编@g共青团中央青运史档案馆编
210    @a重庆@c重庆出版社@d2012.05
215    @a242页@c图,肖像@d24cm
330    @a本书撰写了共青团90年的历史,用300余幅珍贵历史照片展示了共青团90年的奋斗历程,全书回顾了中国共青团走过的不平凡历程。
517 1  @a中国共产主义青年团90年@9zhong guo gong chan zhu yi qing nian tuan 90 nian
601 02 @a中国共产主义青年团@x历史
601 02 @a中国共产主义青年团
606 0  @a历史
690    @aD293@v5
701  0 @a叶学丽@9ye xue li@4主编
712 02 @a共青团中央青运史档案馆@9gong qing tuan zhong yang qing yun shi dang an guan@4编
801  0 @aCN@bNLC@c20120702
905    @b544987-91@dD293@e34@f5
    
    历史的轨迹:中国共产主义青年团90年/叶学丽本书主编/共青团中央青运史档案馆编.-重庆:重庆出版社,2012.05
    242页:图,肖像;24cm
    
    
    ISBN 978-7-229-05026-9:CNY29.80
    本书撰写了共青团90年的历史,用300余幅珍贵历史照片展示了共青团90年的奋斗历程,全书回顾了中国共青团走过的不平凡历程。
●
相关链接 在E读中查询图书 在五车中查询图书 在当当中查询图书 在豆瓣中查询图书


正题名:历史的轨迹     索取号:D293/34         预约/预借

序号 登录号 条形码 馆藏地/架位号 状态 备注
1 544987   205449870   第一样本阅览室/ [索取号:D293/34] 在馆    
2 544988   205449889   第一借阅区/ [索取号:D293/34] 在馆    
3 544989   205449898   第一借阅区/ [索取号:D293/34] 在馆    
4 544990   205449905   第一借阅区/ [索取号:D293/34] 在馆    
5 544991   205449914   第一借阅区/ [索取号:D293/34] 在馆    
唐山师范学院图书馆 欢迎您!
大连网信软件有限公司© 版权所有